Curso completo de filosofia para la enseñanza de ampliacion (Record no. 153374)

MARC details
000 -LEADER
campo de control de longitud fija 01417nam a22002295i 4500
001 - NÚMERO DE CONTROL
campo de control 153374
003 - IDENTIFICADOR DE NÚMERO DE CONTROL
campo de control ES-MaACL
005 - FECHA Y HORA DE LA ÚLTIMA TRANSACCIÓN
campo de control 20251013195343.0
008 - DATOS DE LONGITUD FIJA--INFORMACIÓN GENERAL
campo de control de longitud fija 971014m18461847sp |||| | spa d
040 ## - FUENTE DE CATALOGACIÓN
Centro catalogador/agencia de origen CYL
Lengua de catalogación spa
Centro/agencia transcriptor CYL
245 00 - MENCIÓN DEL TÍTULO
Título Curso completo de filosofia para la enseñanza de ampliacion
Resto del título : conforme en un todo al plan y programa oficial de estudios vigentes y designado para testo por el Consejo de Instruccion Pública.
260 ## - PUBLICACIÓN, DISTRIBUCIÓN, ETC.
Lugar de publicación, distribución, etc. Madrid :
Nombre del editor, distribuidor, etc. [s.n.],
Fecha de publicación, distribución, etc. 1846-1847 (
Fabricante Establecimiento Tipografico de F. de P. Mellado)
300 ## - DESCRIPCIÓN FÍSICA
Extensión 3 v.(366; 142, 188; 376 p.) ;
Dimensiones 17 cm.
505 8# - NOTA DE CONTENIDO CON FORMATO
Nota de contenido con formato Contiene: t. I. Psicologia y logica / escritas en francés por M. J. Tissot ; traducidas al idioma español por Isaac Nuñez de Arenas -- t. II. Gramatica general : escrita conforme al programa del Gobierno / por Isaac Nuñez de Arenas. Moral -- t. III. Compendio de la historia de la filosofia / por Victor Arnau y Lambea
596 #1 - NOTA AL PIE DE IMPRENTA
NOTA AL PIE DE IMPRENTA En el t. II la parte de Gramatica general esta editada por Imprenta de Jose Maria Alonso, Editor.
650 #7 - PUNTO DE ACCESO ADICIONAL DE MATERIA--TÉRMINO DE MATERIA
Término de materia o nombre geográfico como elemento de entrada Filosofía
Fuente del encabezamiento o término embne
9 (RLIN) 12802
700 11 - ENTRADA AGREGADA--NOMBRE PERSONAL
Nombre de persona Tissot, M. J.
Título de la obra Psicología y lógica.
9 (RLIN) 110342
700 11 - ENTRADA AGREGADA--NOMBRE PERSONAL
Nombre de persona Núñez de Arenas, Isaac,
Fechas asociadas al nombre 1812-1869.
Título de la obra Gramática general
9 (RLIN) 222023
700 11 - ENTRADA AGREGADA--NOMBRE PERSONAL
Nombre de persona Arnau y Lambea, Víctor.
Título de la obra Compendio de la historia de la filosofia.
9 (RLIN) 23062
852 ## - LOCALIZACIÓN
Ubicación ES-MaACL
Número de control de estantería G-8850-52
Nota libre -- Enc. hol.
-- -- Legado Charro Hidalgo
Holdings
Estatus retirado Estado de pérdida Estado de daño No para préstamo Colección Biblioteca de origen Biblioteca actual Ubicación en estantería Fecha de adquisición Total de préstamos Signatura topográfica completa Código de barras Visto por última vez Precio de reemplazo Tipo de ítem Koha
        Libros del s. XIX Biblioteca del Ateneo de Madrid Biblioteca del Ateneo de Madrid Sala Pecera Planta 3 17/01/2008   G-8850-52 1160288 23/02/2023 23/02/2023 Libro impreso antiguo